000 00766nam a2200253Ia 4500
003 GCL
005 20240530095332.0
008 140319s9999 xx 000 0 ara d
020 _a4148245977
040 _aGCL /
_cGCL
082 0 4 _a913.031
_bق/م ت
100 1 _aمحمد احمد عوض
245 1 0 _aترميم المنشآت الأثرية /
_cمحمد احمد عوض
250 _aالاولى
260 _aالقاهرة :
_bدار نهضة الشرق ،
_c2002
300 _a376 ص ؛
_c24 سم
650 0 4 _aمواد البناء
650 0 4 _aمصر - الاثار
650 0 4 _aالاثار - ترميم
650 0 4 _aالاثار - علم
650 0 4 _aالاثار - تآكل
650 0 4 _aالاثار - حماية
942 _2ddc
_cBK
999 _c6267
_d6267